000 00625 a2200205 4500
001 63362
005 20260407155931.0
008 260407a1957 arg spa d
003 AR-UNSa-BCEJYS
040 _aAR-UNSa-BCEJYS
_bspa
_cAR-UNSa-BCEJYS
080 _a517.2/3
_xCálculo diferencial e integral
245 1 0 _aAnálisis algebraico e infinitesimal
264 1 _aMadrid :
_bDossat
_c1957
300 _a2 v. (583 ; 363 p.)
_c25 cm.
505 _aVol. I: Cálculo diferencial -- Vol. II: Cálculo integral
041 _aspa
942 _cBK
590 _aniveau_biblio:m niveau_hierar:0
100 1 _aMataix Aracil, Carlos
999 _c8146
_d8146